U.S States But Guess By Capitals - Statistics

General Stats
  • This quiz has been taken 53 times
    39 since last reset
  • The average score is 36 of 50
Answers on the Map
Answers color-coded by a green-red scale on the quiz's map according to % correct below.
 
Answer Stats
Capital % Correct
Austin
90%
Phoenix
87%
Sacramento
87%
Carson City
84%
Honolulu
84%
Juneau
84%
Tallahassee
84%
Albany
81%
Atlanta
81%
Baton Rouge
81%
Boise
81%
Oklahoma City
81%
Boston
77%
Denver
77%
Indianapolis
77%
Jackson
77%
Nashville
77%
Olympia
77%
Salem
77%
Salt Lake City
77%
Bismarck
74%
Montgomery
74%
Santa Fe
74%
Annapolis
71%
Columbia
71%
Columbia
71%
Des Moines
71%
Frankfort
71%
Lincoln
71%
Providence
71%
Richmond
71%
Springfield
71%
Trenton
71%
Cheyenne
68%
Helena
68%
Jefferson City
68%
Little Rock
68%
Madison
68%
Augusta
65%
Dover
65%
Hartford
65%
Lansing
65%
Montpelier
65%
Pierre
65%
Raleigh
65%
Saint Paul
65%
Topeka
65%
Charleston
61%
Harrisburg
58%
Concord
55%
No matching quizzes found
Score Distribution
Percent of People with Each Score
Percentile by Number Answered
Your Score History
You have not taken this quiz since the last reset